00917cam a2200205 a 4500020002200000020002200022082001700044245013900061260009100200300002700291505008900318526003700407650000800444650006000452650005700512650004700569650005600616700002300672710001600695 a0801835917 (v. 1) a0801835925 (v. 2)00a625.725bHIG04aThe Highway design and maintenance standards model /cThawat Watanatada ... [et al.] ; in collaboration with Wee-Beng Aw ... [et al.]. aBaltimore :bPublished for the World Bank [by] Johns Hopkins University Press,cc1987. a2 v. :bill. ;c28 cm.1 av. 1. Description of the HDM-III model -- v. 2. User's manual for the HDM-III model. a0b0c0d625_725000000000000_HIG 0aMCE 0aMotor vehiclesxCost of operationxMathematical models. 0aRoadsxDesign and constructionxMathematical models. 0aRoadsxDeteriorationxMathematical models. 0aRoadsxMaintenance and repairxMathematical models.0 aThawat Watanatada.2 aWorld Bank.